Central Library OPAC University of Rajshahi

Valuation of reversions and life interests / (Record no. 3546)

MARC details
000 -LEADER
fixed length control field 00854nam a22002532 4500
001 - CONTROL NUMBER
control field 3546
003 - CONTROL NUMBER IDENTIFIER
rucl marc code BD-RjUL
005 - DATE AND TIME OF LATEST TRANSACTION
control field 20211208233741.0
008 - FIXED-LENGTH DATA ELEMENTS--GENERAL INFORMATION
fixed length control field 131219s1951 xx 001 0 eng c
035 ## - SYSTEM CONTROL NUMBER
System control number OCLC ocm00752536 from D970714M
-- (BD-RjUL)3580
040 ## - CATALOGING SOURCE
Original cataloging agency RIU
Transcribing agency RIU
Modifying agency UKM
-- EQO
-- BD-RjUL
Language of cataloging eng
041 ## - LANGUAGE CODE
Language code of text/sound track or separate title eng
082 ## - DEWEY DECIMAL CLASSIFICATION NUMBER
Classification number 347.6
Author mark and year BEV 1951
100 1# - MAIN ENTRY--PERSONAL NAME
Personal name Benz, Norman.
9 (RLIN) 11188
245 10 - TITLE STATEMENT
Title Valuation of reversions and life interests /
Statement of responsibility, etc. by Norman Benz and H. J. Tappenden.
260 ## - PUBLICATION, DISTRIBUTION, ETC. (IMPRINT)
Place of publication, distribution, etc. Cambridge :
Name of publisher, distributor, etc. Published for the Institute of Actuaries and the Faculty of Actuaries at the University Press,
Date of publication, distribution, etc. 1951.
300 ## - PHYSICAL DESCRIPTION
Pagination 102p. :
Illustrations illus. ;
Size 22cm.
504 ## - BIBLIOGRAPHY, ETC. NOTE
Bibliography, etc Includes Index.
650 #0 - SUBJECT ADDED ENTRY--TOPICAL TERM
Topical term or geographic name as entry element Reversion
Geographic subdivision Great Britain.
9 (RLIN) 11189
Topical term or geographic name as entry element Estates (Law)
Geographic subdivision Great Britain.
9 (RLIN) 11190
942 ## - ADDED ENTRY ELEMENTS (KOHA)
Source of classification or shelving scheme Dewey Decimal Classification
Koha item type Books
Holdings
Lost status Source of classification or shelving scheme Damaged status Not for loan Collection code Permanent Location Current Location Shelving location Date acquired Source of acquisition Cost, normal purchase price Total Checkouts Full call number Date last seen Copy number Koha item type
  Dewey Decimal Classification   Not For Loan Non-fiction Central Library, University of Rajshahi Central Library, University of Rajshahi   14/10/1962 Zeitlinger 6.00   347.6 BEV 1951 19/12/2013 C-1 Books